[Event "Mazowiec-chT 1213"]
[Site "Poland"]
[Date "2013.01.27"]
[Round "5.8"]
[White "Bajkowski, Marcin"]
[Black "Jarzyna, Michal"]
[Result "1-0"]
[WhiteElo "1837"]
[BlackElo "1509"]
[PlyCount "89"]
[EventDate "2013.01.13"]
[EventType "team-tourn"]
[EventRounds "10"]
[EventCountry "POL"]
[SourceTitle "EXT 2019"]
[Source "ChessBase"]
[SourceDate "2018.10.10"]
[SourceVersion "1"]
[SourceVersionDate "2018.10.10"]
[SourceQuality "1"]

1. d4 d5 2. Nf3 Nf6 3. c4 c6 4. Nc3 e6 5. Bg5 dxc4 6. e4 b5 7. e5 h6 8. Bh4 g5 9. Nxg5 hxg5 10. Bxg5 Nbd7 11. exf6 Qc7 12. h4 Bb7 13. Qc2 0-0-0 14. 0-0-0 Bh6 15. Rh3 Nxf6 16. Kb1 Bxg5 17. hxg5 Rxh3 18. gxh3 Nd5 19. Qd2 Nxc3+ 20. bxc3 c5 21. Qe3 Qb6 22. Kc2 Qa5 23. Kb2 Rd6 24. Qe5 Rd5 25. Qh8+ Kc7 26. Bg2 Rf5 27. f4 Bxg2 28. dxc5 Bd5 29. Qf8 Kb7 30. c6+ Kxc6 31. Qe8+ Kc7 32. Qe7+ Kc8 33. Qe8+ Qd8 34. Qxb5 Qb6 35. Qxb6 axb6 36. Rd4 b5 37. h4 Bf3 38. Ka3 Kc7 39. Kb4 Kc6 40. a4 Rd5 41. Rxd5 exd5 42. axb5+ Kb6 43. f5 Be4 44. g6 fxg6 45. f6 1-0

[Event "Mazowiec-chT 1213"]
[Site "Poland"]
[Date "2013.01.20"]
[Round "3.17"]
[White "Jarzyna, Michal"]
[Black "Szewczyk, Mariusz"]
[Result "1-0"]
[WhiteElo "1509"]
[BlackElo "2074"]
[PlyCount "121"]
[EventDate "2013.01.13"]
[EventType "team-tourn"]
[EventRounds "10"]
[EventCountry "POL"]
[SourceTitle "EXT 2019"]
[Source "ChessBase"]
[SourceDate "2018.10.10"]
[SourceVersion "1"]
[SourceVersionDate "2018.10.10"]
[SourceQuality "1"]

1. b3 e5 2. Bb2 Nc6 3. e3 Nf6 4. c4 d5 5. cxd5 Nxd5 6. a3 Bd6 7. Qc2 0-0 8. Nf3 Re8 9. d3 f5 10. Nbd2 Qe7 11. e4 fxe4 12. dxe4 Nf4 13. b4 a6 14. Bc4+ Kh8 15. 0-0 Qf6 16. Kh1 Bg4 17. Ng1 Nd4 18. Bxd4 exd4 19. f3 d3 20. Bxd3 Nxd3 21. Qxd3 Qh4 22. f4 Rad8 23. Qc2 Re6 24. Ndf3 Bxf3 25. Rxf3 c6 26. e5 Rh6 27. Rh3 Qxf4 28. Rxh6 Qxh6 29. exd6 Qxd6 30. Re1 a5 31. Qe4 h6 32. Nf3 Qd3 33. Qe7 Qd7 34. h3 a4 35. Nh4 Qxe7 36. Rxe7 Rd3 37. Rxb7 Rxa3 38. Ra7 Ra1+ 39. Kh2 a3 40. Ng6+ Kh7 41. Nf8+ Kg8 42. Nd7 a2 43. Nb6 Kf8 44. Ra3 Ke7 45. Na4 Rb1 46. Rxa2 Rxb4 47. Nc3 Rc4 48. Nd1 Rd4 49. Ne3 g6 50. Rc2 Kd6 51. Nc4+ Kc7 52. Ne5 Rd6 53. Kg3 Re6 54. Kf4 Rf6+ 55. Ke4 g5 56. Rxc6+ Rxc6 57. Nxc6 Kxc6 58. Kf5 Kd5 59. Kg6 Ke6 60. Kxh6 Kf5 61. g4+ 1-0

[Event "Mazowiec-chT op 1112"]
[Site "Poland"]
[Date "2012.02.26"]
[Round "9.36"]
[White "Jarzyna, Michal"]
[Black "Brudzinski, Maciej"]
[Result "0-1"]
[WhiteElo "1472"]
[BlackElo "1900"]
[PlyCount "120"]
[EventDate "2012.01.08"]
[EventType "team-swiss"]
[EventRounds "10"]
[EventCountry "POL"]
[SourceTitle "EXT 2019"]
[Source "ChessBase"]
[SourceDate "2018.10.10"]
[SourceVersion "1"]
[SourceVersionDate "2018.10.10"]
[SourceQuality "1"]

1. b3 Nf6 2. Bb2 e6 3. Nf3 Be7 4. c4 c5 5. g3 b6 6. Bg2 Bb7 7. 0-0 Na6 8. a3 Nc7 9. d4 b5 10. Nbd2 a5 11. Re1 Rb8 12. Qc2 bxc4 13. Nxc4 Be4 14. Qd1 a4 15. Nfd2 Bxg2 16. Kxg2 d5 17. Ne5 Rb6 18. dxc5 Bxc5 19. b4 Qa8 20. Rc1 Bd6 21. Bd4 Ra6 22. Kg1 Nb5 23. Nb1 0-0 24. Qd3 Nxd4 25. Qxd4 Bxe5 26. Qxe5 Rc8 27. Rc3 Nd7 28. Qd4 Rac6 29. Rec1 e5 30. Qd2 d4 31. Rxc6 Rxc6 32. Qb2 Qc8 33. Rxc6 Qxc6 34. Nd2 Qc3 35. Qa2 Nb6 36. Ne4 Qb3 37. Qa1 Nc4 38. Qc1 h6 39. Nc5 Qc3 40. Qd1 Nb2 41. Qa1 Qc2 42. Kf1 Nc4 43. h3 Nd2+ 44. Ke1 Nb3 45. Qd1 Qc3+ 46. Kf1 Nxc5 47. bxc5 Qxa3 48. Qc2 Qb3 49. Qe4 a3 50. Qa8+ Kh7 51. c6 Qd5 52. f3 a2 53. Kf2 f5 54. Qa7 Qb3 55. Qa6 Qe3+ 56. Kg2 d3 57. c7 Qxe2+ 58. Kg1 Qd1+ 59. Kf2 Qc2+ 60. Kf1 d2 0-1

[Event "Warsaw YMCA Autumn-D 99th"]
[Site "Warsaw"]
[Date "2011.11.21"]
[Round "10"]
[White "Gajewski, Wojciech"]
[Black "Jarzyna, Michal"]
[Result "1-0"]
[WhiteElo "1486"]
[BlackElo "1495"]
[PlyCount "71"]
[EventDate "2011.09.19"]
[EventType "tourn"]
[EventRounds "13"]
[EventCountry "POL"]
[SourceTitle "EXT 2014"]
[Source "ChessBase"]
[SourceDate "2013.11.20"]
[SourceVersion "1"]
[SourceVersionDate "2013.11.20"]
[SourceQuality "1"]

1. g3 e5 2. Bg2 Nf6 3. d3 Nc6 4. Nd2 Bc5 5. e3 0-0 6. Ne2 d5 7. h3 Ne7 8. b3 Ng6 9. Bb2 Re8 10. 0-0 Bb6 11. c4 c6 12. e4 Be6 13. Qc2 d4 14. Nf3 c5 15. Bc1 Bc7 16. Kh2 h6 17. Nfg1 Bd7 18. f4 exf4 19. Nxf4 Bc6 20. Qf2 Rf8 21. Nf3 Bd6 22. Nxg6 fxg6 23. e5 Bxf3 24. exd6 Bxg2 25. Qxg2 Qxd6 26. Qxb7 Qe5 27. Qg2 Nh5 28. Bd2 Qd6 29. a3 Rae8 30. Rxf8+ Rxf8 31. b4 Nxg3 32. bxc5 Qc7 33. Qd5+ Kh7 34. Qd6 Rf2+ 35. Kxg3 Qxd6+ 36. cxd6 1-0

[Event "Warsaw YMCA Autumn-D 99th"]
[Site "Warsaw"]
[Date "2011.11.14"]
[Round "9"]
[White "Jarzyna, Michal"]
[Black "Powalka, Michal"]
[Result "0-1"]
[WhiteElo "1495"]
[BlackElo "1560"]
[PlyCount "74"]
[EventDate "2011.09.19"]
[EventType "tourn"]
[EventRounds "13"]
[EventCountry "POL"]
[SourceTitle "EXT 2014"]
[Source "ChessBase"]
[SourceDate "2013.11.20"]
[SourceVersion "1"]
[SourceVersionDate "2013.11.20"]
[SourceQuality "1"]

1. b3 Nf6 2. Bb2 g6 3. Nf3 Bg7 4. g3 0-0 5. Bg2 d6 6. 0-0 e5 7. d3 Nc6 8. c4 Nd7 9. a3 e4 10. Bxg7 exf3 11. Bxf8 fxg2 12. Kxg2 Nxf8 13. Nd2 h5 14. Nf3 Ne5 15. Nxe5 dxe5 16. Qc2 h4 17. Rad1 Qd7 18. Qc3 hxg3 19. fxg3 Qh3+ 20. Kg1 Qh5 21. Qd2 Bg4 22. Rde1 Ne6 23. Qe3 Nd4 24. Rf2 Nc2 25. Qd2 Nxe1 26. Qxe1 Re8 27. Qf1 Qh3 28. Qc1 f5 29. Qg5 Kf7 30. Qe3 b6 31. Qd2 Qh5 32. b4 Bh3 33. e4 Ke6 34. c5 Rd8 35. Qa2+ Ke7 36. Qb3 Qg5 37. Qc2 Qe3 0-1

[Event "Warsaw YMCA Autumn-D 99th"]
[Site "Warsaw"]
[Date "2011.10.17"]
[Round "5"]
[White "Praczukowski, Stanislaw"]
[Black "Jarzyna, Michal"]
[Result "1-0"]
[WhiteElo "1678"]
[BlackElo "1495"]
[PlyCount "33"]
[EventDate "2011.09.19"]
[EventType "tourn"]
[EventRounds "13"]
[EventCountry "POL"]
[SourceTitle "EXT 2014"]
[Source "ChessBase"]
[SourceDate "2013.11.20"]
[SourceVersion "1"]
[SourceVersionDate "2013.11.20"]
[SourceQuality "1"]

1. d4 d5 2. c4 c6 3. Nf3 Nf6 4. e3 e6 5. b3 Nbd7 6. Bb2 Be7 7. Bd3 Ne4 8. 0-0 f5 9. Ne5 Nxe5 10. dxe5 0-0 11. f4 Bd7 12. Ba3 c5 13. cxd5 exd5 14. Bxe4 fxe4 15. Qxd5+ Kh8 16. Bxc5 Qa5 17. b4 1-0

[Event "Warsaw YMCA Autumn-D 99th"]
[Site "Warsaw"]
[Date "2011.10.04"]
[Round "3"]
[White "Pajak, Jakub Lech"]
[Black "Jarzyna, Michal"]
[Result "1/2-1/2"]
[WhiteElo "1694"]
[BlackElo "1495"]
[PlyCount "78"]
[EventDate "2011.09.19"]
[EventType "tourn"]
[EventRounds "13"]
[EventCountry "POL"]
[SourceTitle "EXT 2014"]
[Source "ChessBase"]
[SourceDate "2013.11.20"]
[SourceVersion "1"]
[SourceVersionDate "2013.11.20"]
[SourceQuality "1"]

1. c4 e5 2. Nc3 Nf6 3. g3 Nc6 4. Bg2 d6 5. Rb1 a5 6. a3 Be6 7. d3 g6 8. b4 axb4 9. axb4 Qc8 10. Bg5 Bg7 11. h4 h6 12. Bd2 Ne7 13. Nf3 c6 14. b5 0-0 15. Qc1 Kh7 16. c5 dxc5 17. Nxe5 Nd7 18. Nxd7 Qxd7 19. Ne4 b6 20. bxc6 Qc7 21. Bc3 Bd5 22. Bxg7 Kxg7 23. Qb2+ f6 24. 0-0 Rab8 25. Ra1 Bxc6 26. Ra6 Nd5 27. Rfa1 Rb7 28. Nc3 Nxc3 29. Bxc6 Nxe2+ 30. Qxe2 Qxc6 31. Ra7 Rff7 32. Ra8 Rfe7 33. Qg4 Qd7 34. Rg8+ Kxg8 35. Qxg6+ Kf8 36. Qxf6+ Kg8 37. Qg6+ Kf8 38. Qf6+ Kg8 39. Qg6+ Kf8 1/2-1/2

[Event "POL-chT3 Mazowiecki"]
[Site "Warsaw"]
[Date "2011.03.06"]
[Round "8.36"]
[White "Jarzyna, Michal"]
[Black "Wadelek, Karol"]
[Result "0-1"]
[WhiteElo "1521"]
[BlackElo "1867"]
[PlyCount "76"]
[EventDate "2011.01.09"]
[EventType "team-tourn"]
[EventRounds "10"]
[EventCountry "POL"]
[SourceTitle "EXT 2015"]
[Source "ChessBase"]
[SourceDate "2014.11.20"]
[SourceVersion "1"]
[SourceVersionDate "2014.11.20"]
[SourceQuality "1"]
[WhiteTeam "Otwock UKS MDK III"]
[BlackTeam "Chylice UKS Szachylice II"]
[WhiteTeamCountry "POL"]
[BlackTeamCountry "POL"]

1. b3 Nf6 2. Bb2 d5 3. e3 Bf5 4. Nf3 Nbd7 5. c4 c6 6. Be2 e6 7. 0-0 Bd6 8. d3 Qc7 9. Nbd2 0-0-0 10. a3 g5 11. g3 Rdg8 12. cxd5 exd5 13. b4 h5 14. Nd4 Bh3 15. b5 h4 16. g4 Bxh2+ 17. Kh1 Bxf1 18. Nxf1 Be5 19. bxc6 bxc6 20. Rc1 Bxd4 21. Bxd4 Rh6 22. Qa4 c5 23. Qb5 Qb6 24. a4 Qxb5 25. axb5 Kb7 26. Bxc5 Nxc5 27. Rxc5 Rc8 28. d4 Rxc5 29. dxc5 Ne4 30. c6+ Kb6 31. Nh2 Nxf2+ 32. Kg2 Ne4 33. Nf3 Nc3 34. Bd3 Nxb5 35. Bxb5 Kxb5 36. Nd4+ Kb6 37. Kh3 Rxc6 38. Nxc6 Kxc6 0-1

[Event "POL-chT3 Mazowiecki"]
[Site "Warsaw"]
[Date "2011.01.09"]
[Round "1.45"]
[White "Jarzyna, Michal"]
[Black "Lipka, Ignacy"]
[Result "0-1"]
[WhiteElo "1521"]
[BlackElo "1669"]
[PlyCount "110"]
[EventDate "2011.01.09"]
[EventType "team-tourn"]
[EventRounds "10"]
[EventCountry "POL"]
[SourceTitle "EXT 2015"]
[Source "ChessBase"]
[SourceDate "2014.11.20"]
[SourceVersion "1"]
[SourceVersionDate "2014.11.20"]
[SourceQuality "1"]
[WhiteTeam "Otwock UKS MDK III"]
[BlackTeam "Bialoleka PKS Agape II"]
[WhiteTeamCountry "POL"]
[BlackTeamCountry "POL"]

1. b3 d5 2. Bb2 c5 3. e3 Nc6 4. Bb5 Bd7 5. Nf3 e6 6. 0-0 Nf6 7. Bxc6 Bxc6 8. Ne5 Rc8 9. f4 Be7 10. Rf3 Rg8 11. d3 b6 12. Nd2 Bb7 13. Rf1 g6 14. Qe2 Nd7 15. Qf2 Bf6 16. Rac1 Rc7 17. d4 Ba6 18. c4 cxd4 19. exd4 Nxe5 20. fxe5 Bg5 21. Rc3 Bxd2 22. Qxd2 dxc4 23. bxc4 Rxc4 24. Qf4 Rf8 25. Rxc4 Bxc4 26. Rf2 Qe7 27. Rf3 Rg8 28. Ba3 Qd7 29. Bd6 b5 30. Qh6 f5 31. exf6 Qf7 32. Be7 Kd7 33. Qf4 Rc8 34. Qd6+ Ke8 35. Ra3 Bd5 36. Rc3 Bc4 37. h3 g5 38. Ra3 Qg6 39. Rxa7 Qb1+ 40. Kh2 Kf7 41. Bd8+ Kg6 42. Rg7+ Kh5 43. g4+ Kh6 44. Rxh7+ Qxh7 45. Qf8+ Kg6 46. Qe7 Qxe7 47. fxe7 Kf7 48. Kg3 Bxa2 49. h4 gxh4+ 50. Kxh4 Ke8 51. g5 Bb1 52. Kh5 Rxd8 53. exd8Q+ Kxd8 54. Kh6 Ke7 55. Kg7 b4 0-1